00756nam a2200205Ia 4500008004100000020001700041040006500058041000800123245011800131260004000249300001800289490003500307504004100342650003100383650005600414700002100470700002100491700002000512700001800532130821s2008 pe gr spa  a978992622397 aCo-BoUCMbspacDiana LondoñodDiana Londoño (modificó)00aspa10aModelo de gestión de calidad para la Contraloría General de la RepúblicacGenaro Matute...[y otros autores] aLima (Perú)bEsan edicionesc2008 a199 páginas aGerencia para el desarrollov1 aIncluye referencias bibliográficas 7aAuditoría fiscalzPerú 7aCalidad total en administración públicazPerú aIzquierdo, Luisa aMatute, Genáro aMejía, Carmen aSolano, Nuria